000 01202nam a22001577a 4500
005 20240528111602.0
008 240528b |||||||| |||| 00| 0 eng d
020 _a9780241973523 (paperback)
082 _a956.9405
100 _aby Chomsky, Noam and Pappé, Ilan
245 _aOn Palestine :
_cby Noam Chomsky, Ilan Pappé, Frank Barat (Editor)
300 _a215 pages
_c18 cm.
365 _bRs. 599.00
505 _aIntroduction; 1. The old and new conversations / IIan Pappe; Part One: Dialogues: 2. The Past | Noam Chomsky and llan Pappé; 3. The Present | Noam Chomsky and llan Pappé; 4. The Future | Noam Chomsky and Ilan Pappé; 5. Inside Israel | Frank Barat and Ilan Pappé; 6. Inside the United States | Frank Barat and Noam Chomsky; Part Two: Reflections: 7. Gaza's Torment, Israel's Crimes, Our Responsibilities Noam Chomsky; 8. A Brief History of Israel's Incremental Genocide | Ilan Pappé; 9. Nightmare in Gaza Noam Chomsky; 10. The Futility and Immorality of Partition in Palestine | Ilan Pappé; 11. Ceasefires in Which Violations Never Cease Noam Chomsky; 12. An Address to the United Nations | Noam Chomsky; Acknowledgements; Notes; Index.
942 _2ddc
_cBK
999 _c212547
_d212547